Beliebteste Jungsnamen von 1975 bis 1979 in Deutschland - Statistiken

Allgemein
  • Dieses Quiz wurde 79 mal gespielt
  • Das Durchschnittsergebnis liegt bei 76 aus 175
Antwortstatistiken
Hint Antwort % Korrekt
19 | 27 | 29 Marc
76%
6 | 7 | 8 | 9 Thomas
75%
1 Christian
70%
3 | 5 | 7 Michael
67%
2 | 4 | 7 Stefan
67%
16 | 18 | 21 | 22 André
63%
31 Mark
63%
35 Peter
63%
3 | 4 | 5 | +2 others Andreas
55%
2 | 5 | 8 | 10 Jan
55%
3 | 7 | 8 | +2 others Alexander
54%
9 | 13 | 14 Martin
54%
20 | 24 | 27 | 32 Christoph
51%
2 | 4 | 9 | 13 Markus
51%
4 | 11 | 13 | 15 Sebastian
51%
6 Markus
49%
4 | 5 | 10 | 11 Matthias
49%
9 | 15 | 16 | +2 others Torsten
49%
5 | 6 | 10 | +2 others Daniel
48%
14 | 17 | 19 | +2 others Jens
42%
12 | 25 | 26 | +2 others Frank
40%
15 | 17 | 18 | +2 others Oliver
40%
24 | 27 | 28 | 35 Robert
40%
7 | 8 | 11 | +2 others Sven
39%
16 | 26 | 27 Florian
36%
23 | 32 | 33 Jörg
36%
17 | 21 | 24 | 28 Lars
36%
12 | 14 | 16 | 20 Marco
34%
13 | 17 | 18 | +2 others Tobias
34%
17 | 28 | 29 | +2 others Karsten
33%
23 | 30 Phillip
33%
25 Benjamin
31%
28 | 33 | 34 Dirk
27%
29 | 30 | 33 Patrick
25%
35 Timo
24%
29 Nils
22%
18 | 19 | 23 | +2 others Björn
21%
10 | 11 | 22 | 34 Dennis
21%
30 Holger
21%
26 | 27 | 33 Kai
19%
24 | 30 | 31 Mike
19%
32 Mike
13%
12 | 21 | 23 | 25 Sascha
13%
24 | 31 | 34 René
10%
Keine übereinstimmenden Quizze gefunden
Verteilung der Resultate
Anzahl Personen mit jedem Resultat
Perzentil nach korrekt beantworteten Fragen
Ihre Resultats-Entwicklung
Sie haben dieses Quiz noch nicht gespielt